The use of solid alternative fuel gasification in the diversification of the raw material base of the chemical and energy industry

Gespeichert in:
Bibliographische Detailangaben
1. Verfasser: Kissová, Eva (Verfasst von)
Weitere Verfasser: Steltenpohl, Pavol (Betreuung Doktorarbeit)
Format: Manuskript Buch
Sprache:Slowakisch
Englisch
Veröffentlicht: 2023
Schlagworte:
Online-Zugang:http://is.stuba.sk/zp/portal_zp.pl?podrobnosti=169505
Tags: Tag hinzufügen
Keine Tags, Fügen Sie das erste Tag hinzu!

MARC

LEADER 00000ntm a22000003a 4500
001 stuzp94300
003 SK-STU
005 20230909221651.0
007 ta
008 150427s2015----xo-----f-mn---000-0-slo-d
040 |a STU  |b slo 
041 0 |a eng 
100 1 |a Kissová, Eva  |u 046230  |4 aut  |U FCHPT Ústav chemického a environmentálneho inžinierstva  |T FCHPT Oddelenie chemického a biochemického inžinierstva  |X 97294  |U C6230  |Y 119  |7 97294 
242 0 1 |a The use of solid alternative fuel gasification in the diversification of the raw material base of the chemical and energy industry  |y slo 
245 1 0 |a The use of solid alternative fuel gasification in the diversification of the raw material base of the chemical and energy industry 
260 |c 2023 
650 4 |a energetické a materiálové zhodnocovanie odpadu  |2 slo 
650 4 |a pyrolýza a splyňovanie TAP  |2 slo 
650 4 |a viacnásobné splyňovanie  |2 slo 
650 4 |a dechty  |2 slo 
650 4 |a RDF pyrolysis and gasification  |2 eng 
650 4 |a three-stage gasifier  |2 eng 
650 4 |a Waste-to-resources/waste-to-energy conversion  |2 eng 
650 4 |a tar content  |2 eng 
700 1 |a Steltenpohl, Pavol  |u 046230  |k Z1  |4 ths  |U FCHPT Ústav chemického a environmentálneho inžinierstva  |T FCHPT Oddelenie chemického a biochemického inžinierstva  |X 3929  |U C6230  |Y 119  |7 A000003929 
856 4 |u http://is.stuba.sk/zp/portal_zp.pl?podrobnosti=169505